|
|
|
|
| LEADER |
00756nam a22002172a 4500 |
| 001 |
000175241 |
| 003 |
CZ BrMZK |
| 005 |
20030303110808.0 |
| 007 |
ta |
| 008 |
010907s1950 xr f cze d |
| 035 |
|
|
|a (OCoLC)85578958
|
| 040 |
|
|
|a BOA001
|b cze
|c BOA001
|
| 100 |
1 |
|
|a Bubeníková, Libuše,
|d 1920-1994
|7 jk01020090
|4 dis
|
| 245 |
1 |
0 |
|a Frank Norris a Stephen Crane /
|c Libuše Bubeníková
|
| 260 |
|
|
|a Praha :
|b [Filosofická fakulta University Karlovy],
|c 1950
|
| 300 |
|
|
|a 235 s.
|
| 502 |
|
|
|a Disertace -- Univerzita Karlova, 1950
|
| 710 |
2 |
|
|a Univerzita Karlova.
|b Filozofická fakulta
|7 kn20010710340
|
| 910 |
|
|
|a BOA001
|b 4-0262.223
|
| 990 |
|
|
|a BK
|
| 996 |
7 |
|
|b 2619948688
|c 4-0262.223
|l MZK
|r Sklad / do 24 hodin
|n 3
|w 000175241
|u 000010
|a 1
|e BOA001
|j MZK50
|s A
|